| 000 | 00622cam a22001812 4500 | ||
|---|---|---|---|
| 001 | 0000012201 | ||
| 005 | 20151217155851.0 | ||
| 008 | 090216s xx 000 0 eng d | ||
| 040 |
_aKABU _cKABU |
||
| 245 | 1 | 2 |
_aA Bank in battledress : _bbeing the story of Barclays Bank (Dominion, Colonial and Overseas) during the second world war 1939-45 / _cWilliam MacNamara Goodenough. |
| 250 | _a1st ed. | ||
| 260 |
_aLondon : _bWilliams, _c1948. |
||
| 300 | _aviii, 212 p. | ||
| 610 | 2 | 0 |
_aBarclays Bank. _@0000168455 |
| 852 | 1 | _9p500 KES | |
| 908 | _a090216 | ||
| 950 | _@1 | ||
| 999 |
_c13480 _d13480 |
||